| 000 | 02133cam a2200541 a 4500 | ||
|---|---|---|---|
| 001 | 21031 | ||
| 003 | VRT | ||
| 005 | 20260210154801.0 | ||
| 008 | 230403s1952 xo g 000 f slo | ||
| 015 | _aSNBA19451955-009761 | ||
| 020 | _a(viazané) | ||
| 035 | _aSK01SNKBKSFS20010084786 | ||
| 035 | _aurn:nbn:sk:snk-am3i74i | ||
| 035 | _aC5E13C32-DA8B-471F-87C9-D1DD6B723F59 | ||
| 035 | _aurn:nbn:sk:snk-am00dqqi | ||
| 035 | _aSKM000087249 | ||
| 039 | 9 |
_a202304032057 _bVLOAD _c202212050957 _dVLOAD _c202205120833 _dVLOAD _c202010120928 _dmsnk162 |
|
| 040 |
_aSNK _bslo _cSNK _eAACR2 |
||
| 041 | 1 |
_aslo _heng |
|
| 044 |
_axo _cSK |
||
| 072 | 7 |
_a821.111-3 _xAnglická próza, anglicky písaná _2konspekt |
|
| 080 |
_a316.728 _22011 |
||
| 080 |
_a821.111(94)-31 _22011 |
||
| 100 | 1 |
_aPrichard, Katharine Susannah, _d1883-1969 _4aut |
|
| 240 | 1 | 4 |
_aThe Raoring Nineties _lSlovensky |
| 245 | 1 | 0 |
_aRušné roky deväťdesiate _n[prvý diel] _cKatharina S. Prichardová ; [z anglického originálu preložila Ada Kuzmány-Bruothová] ; [obálku navrhol Osvald A. Klapper] |
| 250 | _a1. vydanie | ||
| 260 |
_a[Turčiansky Sv. Martin] _bMatica slovenská _c1952 |
||
| 300 |
_a530 strán _c21 cm |
||
| 366 | _e5500 kusov | ||
| 500 | _aFrontispice ; obsahuje poznámky pod čiarou | ||
| 500 | _aMiesto vydania prevzaté podľa sídla vydavateľa ; prvý diel prevzatý z prebalu knihy | ||
| 650 | 0 | 7 |
_aspoločenský život _2SNKPH |
| 650 | 0 | 7 |
_aSocial life _2SNKPHeng |
| 655 | 7 |
_aaustrálske romány _2SNKPH |
|
| 655 | 7 |
_aAustralian fiction _2SNKPHeng |
|
| 700 | 1 |
_aBruothová, Adriena, _d1905-1983 _4trl |
|
| 700 | 1 |
_aKlapper, Osvald, _d1930-2010 _4bjd |
|
| 700 | 1 |
_aBoor, Ján _4red _4aui |
|
| 910 | _asnk | ||
| 942 |
_2ddc _cKLDO _n0 |
||
| 949 |
_617A0427156 _9P60, <04>, [BOOK], {604} _asnkSC 4762/1 D1 _bsnkF 6048/62 |
||
| 949 |
_617A0767816 _asnkSC 4762/1 _bsnk5647/52 _oI.665/52 - ev. č. _s6100:20190215 |
||
| 949 |
_6273K0222528 _asvkpoA 56793/I _bsvkpo131609 |
||
| 949 |
_6270001000638452 _asvkbbS 37752 _bsvkbbm 19996 |
||
| 949 |
_6270001000637716 _asvkbbS 38134 _bsvkbbm 40555 |
||
| 999 |
_c21031 _d21031 |
||